000 01454pam a2200337 a 4500
999 _c6281
_d6281
001 2033679
003 OSt
005 20190830133957.0
008 921124s1994 nyua 001 0 eng
010 _a 92041809
020 _a9780071611626
040 _aDLC
_cDLC
_dDLC
050 0 0 _b.B856 1994
082 0 0 _a515.35 BRO 2006.
_220
100 1 _aBronson, Richard.
_9750
245 1 0 _aSchaum's outline problem solved differential equations :
_cRichard Bronson.
_b563 fully solved problems.
250 _a3rd ed.
260 _aNew York :
_bMcGraw-Hill,
_c2006
300 _axiv, 385 p. :
_bill. ;
_c28 cm.
500 _aUpdated ed. of Schaum's outline of modern introductory differential equations. c1973.
500 _aIncludes index.
650 0 _aDifferential equations.
_9751
700 1 _aBronson, Richard.
_tSchaum's outline of modern introductory differential equations.
_9752
740 0 _aDifferential equations.
856 4 2 _3Publisher description
_uhttp://www.loc.gov/catdir/description/mh022/92041809.html
856 4 1 _3Table of contents only
_uhttp://www.loc.gov/catdir/toc/mh021/92041809.html
856 4 2 _3Contributor biographical information
_uhttp://www.loc.gov/catdir/enhancements/fy0661/92041809-b.html
906 _a7
_bcbc
_corignew
_d1
_eocip
_f19
_gy-gencatlg
942 _2ddc
_cO_SHELF